000 00379nam a2200145Ia 4500
008 210210b1987 xxu||||| |||| 00| 0 eng d
020 _a5 05 001149 3
082 _a823.8 CHEC
100 _aCHEKHOV (Anton).
245 _aCollected works.5V. V-1:stories 1880-1885.
260 _aMoscow
_bRaduga publishers
_c1987
300 _a432
690 _aEnglish Fiction
906 _a041965
999 _c91844
_d91844